Statistics for The Boondocks Character Picture Quiz

Click here to take the quiz!

General Stats

  • This quiz has been taken 54 times
  • The average score is 7 of 12

Answer Stats

Answer% Correct
Huey Freeman
91%
Riley Freeman
91%
Uncle Ruckus
89%
A Pimp Named Slickback
76%
Colonel H. Stinkmeaner
65%
Robert J. Freeman
65%
Tom Dubois
65%
Jazmine Dubois
57%
Ed Wuncler Sr.
41%
Sarah Dubois
41%
Thugnificent
41%
Ed Wuncler III
24%

Score Distribution

Percentile by Number Answered

Percent of People with Each Score

Your Score History

You have not taken this quiz